| 000 | 00772nam a2200253Ia 4500 | ||
|---|---|---|---|
| 003 | OSt | ||
| 005 | 20220927104755.0 | ||
| 006 | a|||||r|||| 00| 0 | ||
| 007 | ta | ||
| 008 | 220926b |||||||| |||| 00| 0 eng d | ||
| 024 | _a134976 | ||
| 037 | _cReference Collections | ||
| 040 |
_aRTL _cRTL _beng |
||
| 041 |
_2eng _aeng |
||
| 082 | _a"U43.41s, M5/RR" | ||
| 110 |
_a"China, Government of..... State Statistical Bureau" _9367272 |
||
| 245 | 0 |
_aChina _b Urban statistics |
|
| 260 |
_aLondon _bLongman U. K. _c1985 |
||
| 300 |
_a703p _ccm. |
||
| 650 |
_aUrban Geography-China _9367273 |
||
| 700 |
_a"China, Government of..... State Statistical Bureau" _9367274 |
||
| 942 |
_h"U43.41s, M5/RR" _cCC |
||
| 999 |
_c688639 _d688639 |
||